| 000 | 00566nam a2200205Ia 4500 | ||
|---|---|---|---|
| 005 | 20250326142341.0 | ||
| 008 | 250326s9999 xx 000 0 und d | ||
| 020 | _a0-07-113561-8 | ||
| 037 | _aTextbook | ||
| 040 |
_aFMSL _beng _cFMSL |
||
| 041 |
_aeng _2eng |
||
| 084 |
_aX:51 N4;1 _qFMSL |
||
| 100 |
_aStanton W J _9235947 |
||
| 245 | 0 |
_aFundamentals of marketing _cStanton W J And Others |
|
| 250 | _aEd 10 | ||
| 260 |
_aNew York _bNew York, McGraw Hill _c1994 |
||
| 300 | _axxviii, 697 | ||
| 942 |
_cTB _hX:51 N4;1 |
||
| 999 |
_c1294604 _d1294604 |
||